Zelené analytické metódy na izoláciu kontaminantov z vody

Guardado en:
Detalles Bibliográficos
Autor principal: Fülöpová, Barbora (Autor)
Otros Autores: Hrouzková, Svetlana (Orientador)
Formato: Manuscrito Libro
Lenguaje:eslovaco
Publicado: 2025
Materias:
Acceso en línea:http://is.stuba.sk/zp/portal_zp.pl?podrobnosti=192634
Etiquetas: Agregar Etiqueta
Sin Etiquetas, Sea el primero en etiquetar este registro!

MARC

LEADER 00000ntm a22000003a 4500
001 stuzp105302
003 SK-STU
005 20250628212543.9
007 ta
008 150427s2015----xo-----f-mn---000-0-slo-d
040 |a STU  |b slo 
041 0 |a slo 
100 1 |a Fülöpová, Barbora  |u 041000  |4 aut  |U FCHPT Fakulta chemickej a potravinárskej technológie  |T FCHPT Ústav analytickej chémie  |X 104705  |U C1000  |Y 99  |7 104705 
242 0 1 |a Green analytical methods for investigation of contaminants in water samples  |y eng 
245 1 0 |a Zelené analytické metódy na izoláciu kontaminantov z vody 
260 |c 2025 
650 4 |a pesticídy  |2 slo 
650 4 |a zelená analytická chémia  |2 slo 
650 4 |a extrakcia  |2 slo 
650 4 |a GC-μECD  |2 slo 
650 4 |a extraction  |2 eng 
650 4 |a green analytical chemistry  |2 eng 
650 4 |a GC-μECD  |2 eng 
650 4 |a pesticides  |2 eng 
700 1 |a Hrouzková, Svetlana  |u 041000  |k Z1  |4 ths  |U FCHPT Fakulta chemickej a potravinárskej technológie  |T FCHPT Ústav analytickej chémie  |X 3892  |U C1000  |Y 99  |7 A000003892 
856 4 |u http://is.stuba.sk/zp/portal_zp.pl?podrobnosti=192634